Pays membres de l'Union Européenne - Statistiques

Statistiques générales
  • Ce quiz a été pris 110 fois
  • Le résultat moyen est 25 sur 27
Statistiques - réponses
Réponse % Correct
Autriche
100%
Espagne
100%
France
100%
Allemagne
99%
Italie
99%
Belgique
98%
Portugal
98%
Danemark
95%
Suède
94%
Croatie
93%
Estonie
93%
Pologne
93%
Finlande
91%
Hongrie
91%
Lituanie
91%
Luxembourg
91%
Slovaquie
91%
Slovénie
91%
Grèce
90%
Lettonie
90%
Pays-Bas
90%
Roumanie
90%
Irlande
89%
Bulgarie
86%
République tchèque
81%
Malte
80%
Chypre
75%
Aucun quiz correspondant
Distribution des résultats
% des personnes avec chaque résultat
Percentile par nombre de réponses
Votre historique - résultats
Vous n’avez pas pris ce quiz